000 00911nam a2200193 a 4500
001 000037496
005 20200930080409.0
008 120420s1983 sp 000 0 spa d
020 _a8400054407
040 _aDO-SdBNP
_bspa
_cBNPHU
100 1 _aMaría del Carmen Borrego Plá
_963944
245 0 0 _aCartagena de indias en el siglo xvi /
_cMaría del Carmen Borrego Plá ;.
260 _aSevilla :
_bEscuela de Estudios Hispano-Americanos Científicas, 1983.
_bConsejo Superior de Investigaciones,
_c1983.
490 1 _aPublicaciones de la Escuela de Estudios Hispano-Americanos de la Universidad de Sevilla,
_v288
500 _aIncluye índice
504 _aIncluye referencias bibliográficas y notas al pie de las páginas
710 2 _aEscuela de Estudios Hispano-Americanos (Sevilla)
_963945
830 0 _aPublicaciones de la Escuela de Estudios Hispano-Americanos de la Universidad de Sevilla,
_v288
_963946
999 _c36986
_d36986